Spoločná mena vraj potrebuje euroštát

Spoločná správa piatich európskych inštitúcií s názvom Dokončenie európskej hospodárskej a menovej únie. Plán na užšiu spoluprácu členov eurozóny. Navrhované dokončenie eurozóny. Slovensko za eurofederáciu. Spoločný rozpočet eurozóny. Spoločná podpora v nezamestnanosti.

Salvato in:
Dettagli Bibliografici
Autore principale: Lehuta, Michal
Natura: Capitolo di libro
Lingua:slovacco
Soggetti:
Tags: Aggiungi Tag
Nessun Tag, puoi essere il primo ad aggiungerne!!

MARC

LEADER 00000naa a2200000 4500
001 0206051
005 20231113104050.8
041 0 |a slo 
044 |a SK 
245 1 0 |a Spoločná mena vraj potrebuje euroštát  |c Michal Lehuta 
520 |a Spoločná správa piatich európskych inštitúcií s názvom Dokončenie európskej hospodárskej a menovej únie. Plán na užšiu spoluprácu členov eurozóny. Navrhované dokončenie eurozóny. Slovensko za eurofederáciu. Spoločný rozpočet eurozóny. Spoločná podpora v nezamestnanosti. 
610 2 0 |a Európska únia 
610 2 0 |a eurozóna 
610 2 0 |a mena 
610 2 0 |a rozpočet spoločný 
610 2 0 |a únie hospodárske 
610 2 0 |a únie menové 
100 1 |a Lehuta, Michal